| 000 | 00523pab a2200181 454500 | ||
|---|---|---|---|
| 008 | 180718b2004 xxu||||| |||| 00| 0 eng d | ||
| 100 | _aGoyal, Pratibha | ||
| 245 | _aOrganisational role stress among women executives in the corporate sector in Punjab | ||
| 260 | _c2004 | ||
| 300 | _ap.66-74. | ||
| 362 | _aJun | ||
| 650 | _aOccupational stress - India - Punjab | ||
| 650 | _aWomen executives - India - Punjab | ||
| 650 | _aWomen executives | ||
| 700 | _aNadeem, Zahid | ||
| 773 | _aSocial Change | ||
| 909 | _a61934 | ||
| 999 |
_c61934 _d61934 |
||